New furniture (Record no. 29464)

MARC details
000 -LEADER
fixed length control field 00282nam a2200121Ia 4500
082 ## - DEWEY DECIMAL CLASSIFICATION NUMBER
Classification number 645.4
Item number HAT
245 #0 - TITLE STATEMENT
Title New furniture
260 ## - PUBLICATION, DISTRIBUTION, ETC. (IMPRINT)
Place of publication London
Name of publisher Academy
Year of publication 1973
700 ## - ADDED ENTRY--PERSONAL NAME
Personal name Hatje, H V G
700 ## - ADDED ENTRY--PERSONAL NAME
Personal name Kaspar, Peter
942 ## - ADDED ENTRY ELEMENTS (KOHA)
Koha item type Books
Holdings
Withdrawn status Lost status Damaged status Not for loan Home library Current library Date acquired Cost, normal purchase price Full call number Accession Number Koha item type
        RRII Library RRII Library 16/12/2021 75.00 645.4 HAT 10051 Books